000 00518nam a22002057a 4500
003 koha_MIRAKIL
005 20231213095852.0
008 231213b |||||||| |||| 00| 0 ||| d
020 _b978-6-05-538102-8
040 _aTR-IsEVY
_btur
_cTR-IsEVY
082 _a741.5 OOB/C
100 _aOoba, Tsugumi.
245 0 _aCan sıkıntısı
250 _a3 bs.
260 _bAkılçelen Kitaplar,
_c2012
300 _a191 s.
650 _aÇizgi roman, Japon.
650 _aComic books, Japanese.
942 _2ddc
_cBK
999 _c10776
_d10776